Úvod do sociolingvistiky

Guardado en:
Detalles Bibliográficos
Autor principal: Švejcer, A.D
Otros Autores: Nikolskij, L.B
Formato: Libro
Lenguaje:checo
Publicado: Praha Svoboda 1983
Colección:Sociologická knižnice
Etiquetas: Agregar Etiqueta
Sin Etiquetas, Sea el primero en etiquetar este registro!

MARC

LEADER 00000nam a2200000 4500
001 c133856
005 20230105083810.5
041 0 |a cze 
044 |a CZ 
245 1 0 |a Úvod do sociolingvistiky  |c A.D. Švejcer, L.B. Nikolskij 
264 1 |a Praha  |b Svoboda  |c 1983 
300 |a 241 s. 
490 1 |a Sociologická knižnice 
830 0 |a Sociologická knižnice 
100 1 |a Švejcer, A.D. 
700 1 |a Nikolskij, L.B.